[Event "GRE-ch U14 Girls"]
[Site "Peristeri"]
[Date "2023.07.07"]
[Round "7"]
[White "Platsaki, Evgenia Valeria"]
[Black "Giakoustidou, Evgenia"]
[Result "0-1"]
[WhiteElo "1515"]
[BlackElo "1296"]
[PlyCount "100"]
[EventDate "2023.07.03"]
[EventType "swiss"]
[EventRounds "9"]
[EventCountry "GRE"]
[SourceTitle "EXT 2024"]
[Source "ChessBase"]
[SourceDate "2023.10.10"]
[SourceVersion "1"]
[SourceVersionDate "2023.10.10"]
[SourceQuality "1"]

1. d4 Nf6 2. c4 e6 3. Nc3 Bb4 4. e3 0-0 5. Bd3 c5 6. Nf3 b6 7. 0-0 Bb7 8. Re1 Bxc3 9. bxc3 Ne4 10. Bxe4 Bc6 11. Bd5 Bxd5 12. Nd2 Bb7 13. Rb1 d6 14. e4 e5 15. Nf3 Nc6 16. Bb2 Qe7 17. Qe2 Ba6 18. Rbd1 Na5 19. Nd2 Rac8 20. Rc1 Qe6 21. d5 Qe7 22. Ra1 f5 23. f3 f4 24. Qf2 Bxc4 25. Nxc4 Nxc4 26. Qe2 Nxb2 27. Qxb2 g5 28. c4 Qg7 29. h3 h5 30. Qe2 Rf6 31. Kf2 Rg6 32. Rg1 g4 33. hxg4 hxg4 34. Raf1 Rf8 35. Qe1 Rff6 36. Ke2 gxf3+ 37. gxf3 Rxg1 38. Rxg1 Rg6 39. Kf2 Rg3 40. Qf1 Rxg1 41. Qxg1 Qxg1+ 42. Kxg1 a6 43. a4 Kf7 44. Kf2 Ke7 45. Ke2 Kd7 46. Kd3 Kc7 47. Kc3 b5 48. axb5 axb5 49. cxb5 Kb6 50. Kc4 Ka5 0-1

[Event "GRE-ch U20 Girls"]
[Site "Trikala"]
[Date "2023.04.18"]
[Round "1"]
[White "Kosma, Maria"]
[Black "Giakoustidou, Evgenia"]
[Result "1-0"]
[WhiteElo "1619"]
[BlackElo "1309"]
[PlyCount "49"]
[EventDate "2023.04.18"]
[EventType "swiss"]
[EventRounds "9"]
[EventCountry "GRE"]
[SourceTitle "EXT 2024"]
[Source "ChessBase"]
[SourceDate "2023.10.10"]
[SourceVersion "1"]
[SourceVersionDate "2023.10.10"]
[SourceQuality "1"]

1. e4 c5 2. Nf3 d6 3. d4 cxd4 4. Nxd4 Nf6 5. Nc3 a6 6. Bg5 Nbd7 7. Bc4 g6 8. Qe2 Bg7 9. f4 b5 10. Bb3 Qc7 11. 0-0-0 Nb6 12. e5 dxe5 13. fxe5 Ng4 14. e6 Ne5 15. exf7+ Nxf7 16. Bxf7+ Kxf7 17. Rhf1+ Bf6 18. Ne4 Nd5 19. Nxf6 Nxf6 20. Bxf6 exf6 21. Qf3 Rd8 22. Qxf6+ Kg8 23. Nc6 Rxd1+ 24. Rxd1 h5 25. Ne7+ 1-0

[Event "GRE-ch U20 Girls"]
[Site "Trikala"]
[Date "2022.08.28"]
[Round "5"]
[White "Tzempelikou, Agapi"]
[Black "Giakoustidou, Evgenia"]
[Result "1-0"]
[WhiteElo "1341"]
[BlackElo "1333"]
[PlyCount "87"]
[EventDate "2022.08.25"]
[EventType "swiss"]
[EventRounds "9"]
[EventCountry "GRE"]
[SourceTitle "CBM 210 Extra"]
[Source "ChessBase"]
[SourceDate "2022.11.30"]
[SourceVersion "1"]
[SourceVersionDate "2022.11.30"]
[SourceQuality "1"]

1. d4 d5 2. Nf3 Bg4 3. Ne5 Bf5 4. g3 f6 5. Nd3 Be4 6. f3 Bxd3 7. Qxd3 Qd7 8. e4 e6 9. Be3 Ne7 10. Nd2 Ng6 11. Bh3 Qf7 12. exd5 exd5 13. 0-0 Bd6 14. Rae1 0-0 15. Bf2 f5 16. f4 Na6 17. a3 c6 18. Bg2 Rae8 19. Nf3 Be7 20. Ne5 Nxe5 21. dxe5 Bc5 22. b4 Bxf2+ 23. Rxf2 Nc7 24. Rfe2 Ne6 25. c4 dxc4 26. Qxc4 Kh8 27. Qd3 Rd8 28. Qe3 Rfe8 29. Qxa7 Nd4 30. Rb2 Nb5 31. Qe3 Nd4 32. Rd2 Ne6 33. Red1 Qc7 34. Rd6 Rxd6 35. Rxd6 g6 36. Bf1 Ng7 37. Qc3 Qb6+ 38. Kg2 Rd8 39. Qd3 Re8 40. Qd4 Qc7 41. Rd7 Qc8 42. Bc4 Qa8 43. e6 Rg8 44. e7 1-0

[Event "GRE-ch U20 Girls"]
[Site "Trikala"]
[Date "2022.08.26"]
[Round "3"]
[White "Seretaki, Myrto"]
[Black "Giakoustidou, Evgenia"]
[Result "0-1"]
[WhiteElo "1111"]
[BlackElo "1333"]
[PlyCount "88"]
[EventDate "2022.08.25"]
[EventType "swiss"]
[EventRounds "9"]
[EventCountry "GRE"]
[SourceTitle "CBM 210 Extra"]
[Source "ChessBase"]
[SourceDate "2022.11.30"]
[SourceVersion "1"]
[SourceVersionDate "2022.11.30"]
[SourceQuality "1"]

1. e4 c5 2. c3 d5 3. exd5 Qxd5 4. d4 Nf6 5. Nf3 Bg4 6. Be2 e6 7. Be3 cxd4 8. Qxd4 Nc6 9. Qd1 Be7 10. 0-0 0-0 11. Nbd2 Rfd8 12. Nb3 Ne5 13. Nbd4 Nc4 14. Bc1 a6 15. Qc2 Rac8 16. Re1 Ne5 17. Be3 Nc4 18. Bg5 h6 19. Bh4 b5 20. Bxc4 Qxc4 21. Ne5 Qxd4 22. cxd4 Rxc2 23. Nxg4 Nxg4 24. Bxe7 Rxd4 25. Bh4 Rxb2 26. h3 Nf6 27. Bg3 Rdd2 28. Re3 Nd5 29. Ra3 Nb4 30. Be5 Rxa2 31. Bc3 Rxa3 32. Rxa3 Rd1+ 33. Kh2 Nc2 34. Rxa6 b4 35. Ra2 b3 36. Rb2 Na1 37. f3 Rc1 38. Bd4 f6 39. f4 Rc4 40. Be3 Re4 41. Bc1 Re1 42. Bd2 Re2 43. Kg3 Nc2 44. Bc3 Re3+ 0-1

[Event "GRE-ch U14 Girls"]
[Site "Thessaloniki"]
[Date "2022.08.23"]
[Round "6"]
[White "Seretaki, Myrto"]
[Black "Giakoustidou, Evgenia"]
[Result "1-0"]
[WhiteElo "1111"]
[BlackElo "1333"]
[PlyCount "103"]
[EventDate "2022.08.18"]
[EventType "swiss"]
[EventRounds "7"]
[EventCountry "GRE"]
[SourceTitle "EXT 2024"]
[Source "ChessBase"]
[SourceDate "2023.10.10"]
[SourceVersion "1"]
[SourceVersionDate "2023.10.10"]
[SourceQuality "1"]

1. e4 c5 2. c3 Nf6 3. e5 Nd5 4. Nf3 e6 5. Bc4 Nb6 6. Bb3 d5 7. d4 cxd4 8. cxd4 Nc6 9. 0-0 Be7 10. Nc3 0-0 11. Bc2 Bd7 12. Qd3 g6 13. a3 a5 14. Bh6 Re8 15. Nd2 Bf8 16. Bxf8 Rxf8 17. f4 f6 18. Nb5 Nc8 19. Nc3 Nb6 20. Nf3 Rc8 21. Qe2 Na7 22. a4 Nc4 23. Rab1 Qe8 24. Nd2 fxe5 25. fxe5 Rxf1+ 26. Rxf1 Nxb2 27. Rf3 Nxa4 28. Bxa4 Bxa4 29. Nxa4 Qxa4 30. Qe3 Nb5 31. Nb3 Rc3 32. Qg5 Rxf3 33. gxf3 Qb4 34. Qd8+ Qf8 35. Qxa5 Qe8 36. Kf2 Qd7 37. Nc5 Qe8 38. Nb3 h6 39. Ke3 g5 40. Nc5 h5 41. Nxe6 Qxe6 42. Qxb5 b6 43. h3 Kf7 44. Kf2 Kg7 45. Ke3 Kh6 46. Qb4 g4 47. fxg4 hxg4 48. Qd6 Qxd6 49. exd6 gxh3 50. d7 h2 51. d8Q h1Q 52. Qh8+ 1-0

[Event "GRE-ch U14 Girls"]
[Site "Thessaloniki"]
[Date "2022.08.21"]
[Round "4"]
[White "Giakoustidou, Evgenia"]
[Black "Pessiridi, Charalampia"]
[Result "0-1"]
[WhiteElo "1333"]
[BlackElo "1203"]
[PlyCount "74"]
[EventDate "2022.08.18"]
[EventType "swiss"]
[EventRounds "7"]
[EventCountry "GRE"]
[SourceTitle "EXT 2024"]
[Source "ChessBase"]
[SourceDate "2023.10.10"]
[SourceVersion "1"]
[SourceVersionDate "2023.10.10"]
[SourceQuality "1"]

1. e4 e6 2. d4 d5 3. Nd2 c5 4. c3 Nc6 5. Ne2 cxd4 6. cxd4 Bb4 7. exd5 exd5 8. g3 Nge7 9. Bg2 Nf5 10. a3 Ba5 11. b4 Bb6 12. Nb3 0-0 13. 0-0 Qf6 14. Bb2 Nce7 15. Nf4 Rd8 16. Qd2 Bc7 17. Rfe1 Bxf4 18. Qxf4 Be6 19. Nc5 Ng6 20. Qf3 b6 21. Nxe6 fxe6 22. h4 Re8 23. h5 Nf8 24. Qf4 Rac8 25. Rac1 g6 26. hxg6 Nxg6 27. Qd2 h5 28. a4 h4 29. g4 Ng7 30. Qe3 Nf4 31. Rxc8 Rxc8 32. Rc1 Rf8 33. Rc2 Qg6 34. Rd2 Nxg2 35. Kxg2 Qxg4+ 36. Kh2 Rf3 37. Qe5 Rh3# 0-1

[Event "GRE-chT 49th"]
[Site "Thessaloniki"]
[Date "2022.08.15"]
[Round "5"]
[White "Tounta, Lito Eleni"]
[Black "Giakoustidou, Evgenia"]
[Result "0-1"]
[WhiteElo "1277"]
[BlackElo "1333"]
[PlyCount "98"]
[EventDate "2022.08.12"]
[EventType "team-swiss"]
[EventRounds "7"]
[EventCountry "GRE"]
[SourceTitle "EXT 2024"]
[Source "ChessBase"]
[SourceDate "2023.10.10"]
[SourceVersion "1"]
[SourceVersionDate "2023.10.10"]
[SourceQuality "1"]
[WhiteTeam "Livatheias"]
[BlackTeam "Thessaloniki Chan"]
[WhiteTeamCountry "GRE"]
[BlackTeamCountry "GRE"]

1. d4 Nf6 2. c4 e5 3. d5 Bb4+ 4. Bd2 Bxd2+ 5. Qxd2 d6 6. Nc3 Bf5 7. Nf3 h6 8. e3 Bh7 9. h3 Nbd7 10. Be2 a5 11. Na4 Ne4 12. Qd1 Ndc5 13. Nxc5 Nxc5 14. a3 a4 15. Nd2 0-0 16. b3 axb3 17. Nxb3 Ne4 18. Bd3 f5 19. Bxe4 fxe4 20. 0-0 Bf5 21. Kh2 Qh4 22. g4 Bd7 23. f3 h5 24. Nd2 hxg4 25. fxg4 Rf2+ 26. Rxf2 Qxf2+ 27. Kh1 Qxe3 28. Kg2 Qd3 29. Qe1 e3 30. Nf1 e2 31. Ng3 Qxc4 32. Qxe2 Qxd5+ 33. Kh2 Rf8 34. Qa2 Qxa2+ 35. Rxa2 Rf3 36. Kg2 Bc6 37. Kh2 e4 38. Nf5 Rd3 39. Ne7+ Kf7 40. Nxc6 bxc6 41. Re2 d5 42. a4 Ra3 43. Rc2 Rxa4 44. Rxc6 Rc4 45. Ra6 d4 46. Ra1 d3 47. Rd1 Rc3 48. Kg2 e3 49. Kf3 e2 0-1

[Event "GRE-chT 49th"]
[Site "Thessaloniki"]
[Date "2022.08.14"]
[Round "4"]
[White "Christodoulou, Georgia"]
[Black "Giakoustidou, Evgenia"]
[Result "1/2-1/2"]
[WhiteElo "1435"]
[BlackElo "1333"]
[PlyCount "104"]
[EventDate "2022.08.12"]
[EventType "team-swiss"]
[EventRounds "7"]
[EventCountry "GRE"]
[SourceTitle "EXT 2024"]
[Source "ChessBase"]
[SourceDate "2023.10.10"]
[SourceVersion "1"]
[SourceVersionDate "2023.10.10"]
[SourceQuality "1"]
[WhiteTeam "Patras EA"]
[BlackTeam "Thessaloniki Chan"]
[WhiteTeamCountry "GRE"]
[BlackTeamCountry "GRE"]

1. Nf3 Nf6 2. g3 c5 3. Bg2 Nc6 4. d4 cxd4 5. Nxd4 e5 6. Nxc6 bxc6 7. c4 Bb4+ 8. Bd2 Bxd2+ 9. Qxd2 0-0 10. Nc3 Ba6 11. b3 Qa5 12. 0-0-0 Qa3+ 13. Qb2 Qc5 14. e3 Rab8 15. Ne4 Nxe4 16. Bxe4 d5 17. Bc2 dxc4 18. Qc3 Qa3+ 19. Kb1 cxb3 20. axb3 c5 21. Qxe5 c4 22. Qb2 Qa5 23. Rd4 cxb3 24. Bxb3 Bb5 25. Rhd1 Qb6 26. Rd6 Qb7 27. R1d2 a5 28. Ka1 Qa8 29. Qa3 a4 30. Bd1 Qh1 31. h4 Qe4 32. Bc2 Qe5+ 33. Qb2 Qe7 34. Qb1 Bd3 35. Rb6 Rxb6 36. Qxb6 Qa3+ 37. Kb1 Bxc2+ 38. Rxc2 Qd3 39. Qc6 Rb8+ 40. Kc1 Qf1+ 41. Kd2 Qxf2+ 42. Kd3 Qf5+ 43. e4 Qf3+ 44. Kd4 Qf6+ 45. e5 Rd8+ 46. Ke4 Qg6+ 47. Qxg6 hxg6 48. Ra2 Ra8 49. Ra3 Kh7 50. Kf4 Kh6 51. g4 Ra5 52. Ke4 Ra7 1/2-1/2

[Event "GRE-ch U18 Girls"]
[Site "Kavala"]
[Date "2022.04.30"]
[Round "7"]
[White "Limaraki, Nikoleta"]
[Black "Giakoustidou, Evgenia"]
[Result "1/2-1/2"]
[WhiteElo "1149"]
[BlackElo "1272"]
[PlyCount "73"]
[EventDate "2022.04.26"]
[EventType "swiss"]
[EventRounds "9"]
[EventCountry "GRE"]
[SourceTitle "CBM 208 Extra"]
[Source "ChessBase"]
[SourceDate "2022.07.31"]
[SourceVersion "1"]
[SourceVersionDate "2022.07.31"]
[SourceQuality "1"]

1. d4 d5 2. Bf4 c5 3. e3 Nc6 4. c3 Bf5 5. Nd2 cxd4 6. exd4 f6 7. Ngf3 g5 8. Bg3 h5 9. h3 e6 10. Qb3 Qd7 11. Bb5 Nh6 12. Ke2 Rc8 13. Ne1 Bd6 14. Bxd6 Qxd6 15. Bd3 b6 16. Bxf5 Nxf5 17. Nef3 Kf7 18. Qa4 h4 19. Rae1 Rhe8 20. Kd1 Re7 21. Re2 Na5 22. Qc2 Qc7 23. Nb3 Nc4 24. Nfd2 Nxd2 25. Qxd2 a5 26. Nc1 Qc4 27. Qd3 Qa4+ 28. b3 Qc6 29. Rc2 b5 30. Ne2 Rec7 31. Kd2 b4 32. Rhc1 Qb7 33. Qf3 bxc3+ 34. Rxc3 Rxc3 35. Rxc3 Rc7 36. Qh5+ Ke7 37. Qh7+ 1/2-1/2

[Event "GRE-ch U18 Girls"]
[Site "Kavala"]
[Date "2022.04.26"]
[Round "1"]
[White "Alexandri, Dimitra"]
[Black "Giakoustidou, Evgenia"]
[Result "0-1"]
[WhiteElo "1744"]
[BlackElo "1272"]
[PlyCount "151"]
[EventDate "2022.04.26"]
[EventType "swiss"]
[EventRounds "9"]
[EventCountry "GRE"]
[SourceTitle "CBM 208 Extra"]
[Source "ChessBase"]
[SourceDate "2022.07.31"]
[SourceVersion "1"]
[SourceVersionDate "2022.07.31"]
[SourceQuality "1"]

1. d4 Nf6 2. c4 e6 3. Nc3 Bb4 4. Qb3 a5 5. a3 Bxc3+ 6. Qxc3 b6 7. Nf3 Bb7 8. Bg5 d6 9. g3 0-0 10. Bg2 Nbd7 11. 0-0 a4 12. Rfd1 Ra5 13. Bf4 Qa8 14. Rac1 Re8 15. Qe1 h6 16. Bd2 Ra7 17. Bc3 Ne4 18. Qf1 Nxc3 19. Rxc3 e5 20. dxe5 Nxe5 21. Nd4 Bxg2 22. Qxg2 Qxg2+ 23. Kxg2 Nd7 24. Nb5 Rb7 25. e3 Nc5 26. Rc2 Nb3 27. Kf3 Re6 28. Re2 c6 29. Nd4 Nxd4+ 30. Rxd4 Kf8 31. Red2 Ke7 32. c5 dxc5 33. Rxa4 b5 34. Re4 Ra7 35. Rc2 c4 36. Rxe6+ Kxe6 37. Ke4 c5 38. g4 Rd7 39. f4 Rd3 40. f5+ Kd6 41. a4 bxa4 42. Rxc4 Rd2 43. Rxa4 Rxb2 44. Ra6+ Ke7 45. Ra7+ Ke8 46. h4 Rb4+ 47. Kd5 Rxg4 48. Ra8+ Ke7 49. Ke5 f6+ 50. Kd5 Rxh4 51. Ra7+ Kf8 52. Ra8+ Kf7 53. Ra7+ Kg8 54. Ra8+ Kh7 55. Rc8 c4 56. e4 Rg4 57. Rxc4 h5 58. Rc3 h4 59. Rh3 Kh6 60. e5 fxe5 61. Kxe5 Kg5 62. Rh1 Rg3 63. Ke4 h3 64. Ke5 Kg4 65. f6 gxf6+ 66. Kxf6 Rg2 67. Ra1 h2 68. Ra4+ Kh3 69. Ra8 Rf2+ 70. Ke5 Kg2 71. Rg8+ Kf1 72. Rh8 Kg1 73. Rg8+ Rg2 74. Ra8 h1Q 75. Ra1+ Kh2 76. Kd4 0-1

[Event "GRE-chT U16"]
[Site "Thessaloniki"]
[Date "2021.12.18"]
[Round "4.5"]
[White "Apostolakaki, Evangelia"]
[Black "Giakoustidou, Evgenia"]
[Result "1-0"]
[WhiteElo "1626"]
[BlackElo "1207"]
[PlyCount "91"]
[EventDate "2021.12.16"]
[EventType "team-swiss"]
[EventRounds "6"]
[EventCountry "GRE"]
[SourceTitle "CBM 205 Extra"]
[Source "ChessBase"]
[SourceDate "2022.01.31"]
[SourceVersion "1"]
[SourceVersionDate "2022.01.31"]
[SourceQuality "1"]
[WhiteTeam "Kavalas"]
[BlackTeam "Kalamarias Han"]
[WhiteTeamCountry "GRE"]
[BlackTeamCountry "GRE"]

1. d4 Nf6 2. c4 e5 3. dxe5 Ng4 4. Nf3 Bc5 5. e3 Bb4+ 6. Nbd2 Nc6 7. a3 Bxd2+ 8. Bxd2 Ngxe5 9. Nxe5 Nxe5 10. Bc3 f6 11. Bxe5 fxe5 12. Qh5+ Kf8 13. Qxe5 d6 14. Qf4+ Qf6 15. Qxf6+ gxf6 16. Be2 Be6 17. Rc1 Ke7 18. Bf3 Rhg8 19. h3 h5 20. Ke2 c6 21. b4 Rac8 22. Rhd1 Rg5 23. Kf1 a5 24. h4 Re5 25. Be2 axb4 26. axb4 Ra8 27. Rc3 Re4 28. g3 Bh3+ 29. Kg1 Ra2 30. Bxh5 Be6 31. Rdc1 Rb2 32. Bf3 Re5 33. b5 cxb5 34. cxb5 Rexb5 35. Rc7+ Bd7 36. h5 Rg5 37. Bxb7 Kd8 38. Bf3 Rg8 39. Ra7 Bc8 40. h6 Be6 41. h7 Rb8 42. hxg8Q+ Bxg8 43. Rd1 d5 44. Bxd5 Bxd5 45. Rxd5+ Ke8 46. Rh5 1-0

[Event "GRE-chT U16"]
[Site "Thessaloniki"]
[Date "2021.12.17"]
[Round "2.5"]
[White "Ergazaki, Eirini"]
[Black "Giakoustidou, Evgenia"]
[Result "1-0"]
[WhiteElo "1620"]
[BlackElo "1207"]
[PlyCount "119"]
[EventDate "2021.12.16"]
[EventType "team-swiss"]
[EventRounds "6"]
[EventCountry "GRE"]
[SourceTitle "CBM 205 Extra"]
[Source "ChessBase"]
[SourceDate "2022.01.31"]
[SourceVersion "1"]
[SourceVersionDate "2022.01.31"]
[SourceQuality "1"]
[WhiteTeam "OFI"]
[BlackTeam "Kalamarias Han"]
[WhiteTeamCountry "GRE"]
[BlackTeamCountry "GRE"]

1. Nf3 Nf6 2. g3 c5 3. Bg2 Nc6 4. 0-0 g6 5. d3 Bg7 6. Nbd2 d5 7. c3 0-0 8. e4 dxe4 9. dxe4 Ng4 10. Qc2 Kh8 11. h3 Nge5 12. Nxe5 Nxe5 13. f4 Nd3 14. a4 Rb8 15. Nc4 Nxc1 16. Raxc1 Qc7 17. Ne3 e6 18. e5 Rd8 19. Rcd1 Bd7 20. Rd6 Bf8 21. Rd2 b5 22. axb5 Bxb5 23. c4 Bc6 24. Rfd1 Bxg2 25. Nxg2 Be7 26. Qa4 Rxd2 27. Rxd2 Rd8 28. Rxd8+ Bxd8 29. Ne3 Qa5 30. Qxa5 Bxa5 31. Kf2 Kg7 32. Ng4 Bd8 33. Ke3 h5 34. Nf2 f6 35. Ne4 fxe5 36. fxe5 Bc7 37. Kf4 Bb6 38. Ng5 a6 39. Ke4 Ba7 40. Nxe6+ Kf7 41. Kd5 a5 42. Nxc5 Ke7 43. Nb7 Bb6 44. c5 Bc7 45. b3 Kd7 46. Nd6 Bb8 47. Nb5 g5 48. c6+ Kc8 49. Ke6 g4 50. h4 Bc7 51. Nxc7 Kxc7 52. Kf7 Kxc6 53. e6 Kb5 54. e7 Kb4 55. e8Q Kxb3 56. Qb5+ Kc3 57. Qxa5+ Kd3 58. Qe5 Kd2 59. Qe4 Kd1 60. Qg2 1-0

[Event "GRE-chT2 48th"]
[Site "Thessaloniki"]
[Date "2021.10.07"]
[Round "4.5"]
[White "Patriki, Alexandra"]
[Black "Giakoustidou, Evgenia"]
[Result "1/2-1/2"]
[WhiteElo "1378"]
[BlackElo "1108"]
[PlyCount "63"]
[EventDate "2021.10.05"]
[EventType "team-swiss"]
[EventRounds "7"]
[EventCountry "GRE"]
[SourceTitle "CBM 204 Extra"]
[Source "ChessBase"]
[SourceDate "2021.11.30"]
[SourceVersion "1"]
[SourceVersionDate "2021.11.30"]
[SourceQuality "1"]
[WhiteTeam "Florinas"]
[BlackTeam "Kalamarias Han"]
[WhiteTeamCountry "GRE"]
[BlackTeamCountry "GRE"]

1. e4 c5 2. Nc3 g6 3. f4 d6 4. Nf3 Bg7 5. g3 Nc6 6. Bg2 e6 7. 0-0 Nge7 8. d3 0-0 9. Be3 Nd4 10. Qd2 f5 11. e5 Nxf3+ 12. Bxf3 dxe5 13. fxe5 Bxe5 14. Bxc5 Bd4+ 15. Bxd4 Qxd4+ 16. Kh1 Bd7 17. Rae1 Qb4 18. Qc1 Nc6 19. Nd1 Rac8 20. Qe3 e5 21. Kg1 Rfe8 22. Bd5+ Kg7 23. c3 Qd6 24. Qf3 Rf8 25. Bb3 Rce8 26. Qd5 Qxd5 27. Bxd5 b6 28. Ne3 f4 29. Nc4 fxg3 30. hxg3 Rf6 31. Rf2 Rxf2 32. Rf1 1/2-1/2

[Event "GRE-chT Online Rapid op 1st"]
[Site "Tornelo INT"]
[Date "2021.02.21"]
[Round "5.23"]
[White "Giakoustidou, Evgenia"]
[Black "Boufidis, Konstantinos"]
[Result "0-1"]
[WhiteElo "1126"]
[BlackElo "1030"]
[PlyCount "50"]
[EventDate "2021.02.20"]
[EventType "team-swiss (rapid)"]
[EventRounds "9"]
[EventCountry "GRE"]
[SourceTitle "EXT 2023"]
[Source "ChessBase"]
[SourceDate "2022.10.05"]
[SourceVersion "1"]
[SourceVersionDate "2022.10.05"]
[SourceQuality "1"]

1. e4 e5 2. Nf3 Nc6 3. Bc4 Bc5 4. c3 Nf6 5. b4 Bb6 6. d3 0-0 7. a4 a6 8. a5 Ba7 9. Nbd2 d6 10. Bb3 Be6 11. Bc2 Nd7 12. 0-0 f5 13. Re1 f4 14. Nb3 g5 15. Rf1 g4 16. Ne1 Qh4 17. d4 g3 18. fxg3 fxg3 19. Rxf8+ Rxf8 20. hxg3 Qxg3 21. Nf3 Bg4 22. Nbd2 exd4 23. cxd4 Nxd4 24. Bb3+ Nxb3+ 25. Kf1 Qf2# 0-1

[Event "GRE-ch Online Blitz (Women) 1st"]
[Site "Tornelo INT"]
[Date "2021.02.07"]
[Round "7"]
[White "Giakoustidou, Evgenia"]
[Black "Sklavounou, Iliana"]
[Result "0-1"]
[WhiteElo "1053"]
[BlackElo "1108"]
[PlyCount "52"]
[EventDate "2021.02.07"]
[EventType "swiss (blitz)"]
[EventRounds "16"]
[EventCountry "GRE"]
[SourceTitle "EXT 2023"]
[Source "ChessBase"]
[SourceDate "2022.10.05"]
[SourceVersion "1"]
[SourceVersionDate "2022.10.05"]
[SourceQuality "1"]

1. d4 Nf6 2. g3 e6 3. Bg2 d5 4. c4 Be7 5. Nc3 0-0 6. Bf4 Nbd7 7. cxd5 Nxd5 8. Nxd5 exd5 9. Bxd5 Nf6 10. Bg2 c5 11. d5 Qb6 12. Qb3 Rd8 13. e4 Qa5+ 14. Bd2 Qc7 15. Ne2 Bd6 16. 0-0 Bg4 17. Nf4 Re8 18. h3 Bd7 19. Rfe1 Be5 20. Rac1 b6 21. Ne2 Qc8 22. Kh2 Bd6 23. Nf4 Qc7 24. Nd3 Be5 25. Bc3 Bxc3 26. Qxc3 Bb5 0-1

[Event "GRE-ch Online Blitz (Women) 1st"]
[Site "Tornelo INT"]
[Date "2021.02.07"]
[Round "12"]
[White "Giakoustidou, Evgenia"]
[Black "Tripolitaki, Eirini"]
[Result "1-0"]
[WhiteElo "1053"]
[BlackElo "1056"]
[PlyCount "81"]
[EventDate "2021.02.07"]
[EventType "swiss (blitz)"]
[EventRounds "16"]
[EventCountry "GRE"]
[SourceTitle "EXT 2023"]
[Source "ChessBase"]
[SourceDate "2022.10.05"]
[SourceVersion "1"]
[SourceVersionDate "2022.10.05"]
[SourceQuality "1"]

1. d4 Nf6 2. g3 g6 3. Bg2 Bg7 4. e4 Nc6 5. Nc3 0-0 6. Nge2 d6 7. 0-0 e6 8. h3 d5 9. e5 Ne4 10. Nxe4 dxe4 11. Bxe4 f6 12. exf6 Bxf6 13. Be3 Bg7 14. Bg2 e5 15. dxe5 Nxe5 16. Bd4 Qg5 17. Bxe5 Bxe5 18. Kh2 Be6 19. c3 Rad8 20. Qc1 Rd3 21. Qxg5 Rd2 22. Qxe5 Bc4 23. Rae1 Bb5 24. b3 a6 25. c4 Bc6 26. Bxc6 bxc6 27. Qe6+ Kh8 28. Qxc6 Rxa2 29. Qxc7 Rf3 30. Qd8+ Kg7 31. Qd7+ Kh6 32. Qd5 Rxb3 33. Nd4 Rd3 34. Nf5+ Kg5 35. Qxd3 Ra5 36. h4+ Kf6 37. Qc3+ Kf7 38. Qxa5 Kf8 39. Nd6 Kg7 40. Re7+ Kf6 41. Qe5# 1-0

[Event "GRE-ch North U08/14"]
[Site "Thessaloniki"]
[Date "2020.08.29"]
[Round "6"]
[White "Gkoutzouki, Aikaterini Argyro"]
[Black "Giakoustidou, Evgenia"]
[Result "1-0"]
[WhiteElo "1390"]
[BlackElo "1127"]
[PlyCount "124"]
[EventDate "2020.08.26"]
[EventType "swiss"]
[EventRounds "9"]
[EventCountry "GRE"]
[SourceTitle "EXT 2023"]
[Source "ChessBase"]
[SourceDate "2022.10.05"]
[SourceVersion "1"]
[SourceVersionDate "2022.10.05"]
[SourceQuality "1"]

1. d4 Nf6 2. Nf3 c5 3. g3 e6 4. Bg2 d5 5. 0-0 Nbd7 6. c4 cxd4 7. Nxd4 e5 8. Nc2 d4 9. e3 dxe3 10. Nxe3 Bc5 11. Qe2 0-0 12. Rd1 Qc7 13. Nc3 Nb6 14. Ned5 Nfxd5 15. Nxd5 Nxd5 16. Rxd5 Bd4 17. Rb5 a6 18. Rb4 Rb8 19. Bd5 Qc5 20. a3 b5 21. Be3 Bb7 22. Bxd4 exd4 23. Bxb7 Rxb7 24. Qe4 Re7 25. Qd5 Qxd5 26. cxd5 Re2 27. Rxd4 Rxb2 28. d6 Rd8 29. Rc1 Kf8 30. Rc6 a5 31. Ra6 a4 32. Ra7 Re2 33. Rd5 Ra2 34. Rxb5 Rxa3 35. Rbb7 Rf3 36. Rxa4 g6 37. Rd4 Rf6 38. Rb6 Rd7 39. Rc6 Kg7 40. Kg2 Rf5 41. f4 Kf6 42. Kf3 Ke6 43. Ke4 Ra5 44. h4 f5+ 45. Kf3 h5 46. Ke3 Rd5 47. Kd3 Rxd4+ 48. Kxd4 Rxd6+ 49. Kc5 Rxc6+ 50. Kxc6 Ke7 51. Kc5 Ke6 52. Kc6 Ke7 53. Kc7 Ke6 54. Kd8 Kf6 55. Ke8 Kg7 56. Ke7 Kh7 57. Kf7 Kh6 58. Kg8 g5 59. fxg5+ Kg6 60. Kf8 f4 61. gxf4 Kf5 62. Kf7 Kg4 1-0

[Event "GRE-ch North U08/14"]
[Site "Thessaloniki"]
[Date "2020.08.26"]
[Round "1"]
[White "Giakoustidou, Evgenia"]
[Black "Gkoutzouki, Aikaterini Argyro"]
[Result "0-1"]
[WhiteElo "1127"]
[BlackElo "1390"]
[PlyCount "70"]
[EventDate "2020.08.26"]
[EventType "swiss"]
[EventRounds "9"]
[EventCountry "GRE"]
[SourceTitle "EXT 2023"]
[Source "ChessBase"]
[SourceDate "2022.10.05"]
[SourceVersion "1"]
[SourceVersionDate "2022.10.05"]
[SourceQuality "1"]

1. e4 c5 2. Nc3 Nc6 3. g3 g6 4. Bg2 Bg7 5. Nge2 Rb8 6. 0-0 b5 7. d3 b4 8. Nd5 e6 9. Ne3 Nge7 10. f4 0-0 11. g4 f5 12. Ng3 Nd4 13. gxf5 exf5 14. exf5 Nexf5 15. Ngxf5 Nxf5 16. Nxf5 Rxf5 17. Qe1 Bb7 18. Qf2 Bxg2 19. Qxg2 Qc7 20. Rf3 Rbf8 21. a3 bxa3 22. Rxa3 Bh6 23. Rc3 Bxf4 24. Bxf4 Rxf4 25. Rxf4 Qxf4 26. h3 Qe3+ 27. Kh1 Qe1+ 28. Qg1 Rf1 29. Qxf1 Qxf1+ 30. Kh2 Qf2+ 31. Kh1 h6 32. Rc4 g5 33. Re4 Qxc2 34. Re8+ Kf7 35. Rh8 Qc1+ 0-1

[Event "Struga Lake Queen op"]
[Site "Struga"]
[Date "2019.09.08"]
[Round "5"]
[White "Raftopoulou, Konstantina"]
[Black "Giakoustidou, Evgenia"]
[Result "1-0"]
[WhiteElo "1158"]
[BlackElo "1019"]
[PlyCount "49"]
[EventDate "2019.09.07"]
[EventType "swiss"]
[EventRounds "7"]
[EventCountry "MKD"]
[SourceTitle "EXT 2020"]
[Source "ChessBase"]
[SourceDate "2019.10.17"]
[SourceVersion "1"]
[SourceVersionDate "2019.10.17"]
[SourceQuality "1"]

1. b3 c5 2. Bb2 d6 3. e3 a6 4. f4 e6 5. Nf3 Nf6 6. Bd3 Nc6 7. 0-0 Be7 8. Qe1 Qc7 9. Qg3 g6 10. Qg5 Qd8 11. Qg3 Bf8 12. Qh4 Bg7 13. g4 0-0 14. g5 Nh5 15. Bxg7 Nxg7 16. Nc3 b5 17. Ne4 Ne8 18. Nf6+ Nxf6 19. gxf6 e5 20. fxe5 dxe5 21. Be4 Bb7 22. Rf2 h6 23. Bxc6 Bxc6 24. Nxe5 Bh1 25. Qxh6 1-0